Makroökonomik und neue Makroökonomik

Enregistré dans:
Détails bibliographiques
Auteur principal: Felderer, Bernhard
Autres auteurs: Homburg, Stefan
Format: Livre
Langue:allemand
Publié: Berlin Springer 1989
Édition:4. rev. Aufl.
Tags: Ajouter un tag
Pas de tags, Soyez le premier à ajouter un tag!

MARC

LEADER 00000nam a2200000 4500
001 c028345
005 20221215124641.8
041 0 |a ger 
044 |a DE 
245 1 0 |a Makroökonomik und neue Makroökonomik  |c Bernhard Felderer, Stefan Homburg 
250 |a 4. rev. Aufl. 
264 1 |a Berlin  |b Springer  |c 1989 
300 |a 455 s. 
100 1 |a Felderer, Bernhard 
700 1 |a Homburg, Stefan